00353nam a22001337a 4500003000500000005001700005008004100022020001600063082001800079100002000097245005100117260002900168300002200197NUST20260413153851.0260413b ||||| |||| 00| 0 eng d a1-861526407 a338.4791bPAS aPage J.Stephen. aTourism: A Modern Synthesis /cPage J.Stephen. bThomson Learning,c2001. a475 p ;c36.2 cm